Score 0/51 Timer 10:00
0 Plays Today
City College % Correct
NewtonBoston College
97.4%
BostonBoston University
96.9%
CambridgeHarvard University
96.2%
CambridgeMassachusetts Institute of Technology
86.1%
BostonNortheastern University
77.9%
MedfordTufts University
71%
BostonUniversity of Massachusetts Boston
58.5%
BostonEmerson College
55.2%
WalthamBrandeis University
54%
BostonSuffolk University
52.5%
WalthamBentley University
42.6%
BostonSimmons College
36.5%
BostonBerklee College of Music
34%
BostonWentworth Institute of Technology
33%
BostonEmmanuel College
32.7%
CambridgeCambridge College
32.2%
BostonBunker Hill Community College
30.4%
CambridgeLesley University
29.8%
QuincyQuincy College
29.4%
MiltonCurry College
22.6%
BostonWheelock College
20.6%
NewtonLasell College
19.1%
NewtonMount Ida College
16.7%
BostonFisher College
15.6%
BostonRoxbury Community College
14.8%
BostonMassachusetts College of Pharmacy and Health Sciences
12.8%
City College % Correct
BrooklineNewbury College
11.3%
BostonBoston Conservatory
11.1%
BrooklinePine Manor College
10.6%
BostonBay State College
10.3%
BostonNew England Conservatory
10.2%
QuincyEastern Nazarene College
8.8%
BostonMassachusetts College of Art and Design
8.1%
NewtonHebrew College
5.7%
BostonBenjamin Franklin Institute of Technology
3.9%
BostonSchool of the Museum of Fine Arts
3.9%
BostonBoston Architectural College
3.8%
NewtonAndover Newton Technological School
3.5%
CambridgeLongy School of Music
3.5%
BostonLaboure College
3.3%
MiltonBoston Baptist College
2.9%
BrooklineNew England Institute of Art
2.9%
BostonUrban College of Boston
2.8%
BostonSaint John's Seminary
2.2%
CambridgeEpiscopal Divinity School
1.5%
BostonNew England College of Optometry
1.4%
BrooklineBoston Graduate School of Psychoanalysis
1%
CambridgeHult International Business School
0.8%
BostonMassachuseets School of Proffesional Psychology
0.8%
BrooklineHellenic College and Holy Cross Greek Orthodox School of Theology
0.6%
BostonNew Enland School of Law
0.3%
Remove Ads.
Support Sporcle.
Get the best of Sporcle when you Go Orange. This ad-free experience offers more features, more stats, and more fun while also helping to support Sporcle. Thank you for becoming a member.

You're not logged in!

Compare scores with friends on all Sporcle quizzes.
OR
Log In

Show Comments

Extras

Top Quizzes Today


Score Distribution

Your Account Isn't Verified!

In order to create a playlist on Sporcle, you need to verify the email address you used during registration. Go to your Sporcle Settings to finish the process.

Report this User

Report this user for behavior that violates our Community Guidelines.

Details: